000 00442nam a2200181Ia 4500
001 4529
005 20260306145802.0
008 260306t2007||||xx |||||||||||||| ||spa||
041 _aESP
082 _a324.2
_bP26K
100 _aFundação Konrad Adenauer
_eAUT
245 0 _aPartidos políticos:
_bquatro continentes
260 _c2007
300 _a173 páginas :
_c24 cm.
650 _aGEN
654 _aCDE
942 _cREV
_dJUS
_fJUS
_2ddc
_n
999 _c4529
_d4529